Waste Water Treatment: Concepts and Design Approach (Record no. 14539)
[ view plain ]
| 000 -LEADER | |
|---|---|
| fixed length control field | 00348nam a22001337a 4500 |
| 020 ## - INTERNATIONAL STANDARD BOOK NUMBER | |
| ISBN | 9788120328600 |
| 082 ## - DEWEY DECIMAL CLASSIFICATION NUMBER | |
| Classification number | 628 |
| Item number | KAR/WA |
| 100 ## - MAIN ENTRY--AUTHOR NAME | |
| Personal name | Karia,G.L |
| 100 ## - MAIN ENTRY--AUTHOR NAME | |
| Personal name | Christian,R.A |
| 245 ## - TITLE STATEMENT | |
| Title | Waste Water Treatment: Concepts and Design Approach |
| 260 ## - PUBLICATION, DISTRIBUTION, ETC. (IMPRINT) | |
| Place of publication | New Delhi |
| Name of publisher | PHI Learning Private Limited |
| Year of publication | 2012 |
| 300 ## - PHYSICAL DESCRIPTION | |
| Number of Pages | 365 |
| 942 ## - ADDED ENTRY ELEMENTS (KOHA) | |
| Koha item type | Books |
| Withdrawn status | Lost status | Damaged status | Collection code | Home library | Current library | Shelving location | Date acquired | Source of acquisition | Cost, normal purchase price | Full call number | Accession Number | Koha item type |
|---|---|---|---|---|---|---|---|---|---|---|---|---|
| KAUAET | KAUAET | General Stacks | 15/07/2016 | Researchco Books and Periodicals, New Delhi | 325.00 | 628 KAR/WA | 24375 | Books |
